000
00244nam a2200097Ia 4500
001
778435
005
20250826165925.0
008
250824s9999 xx 000 0 und d
245
0
_a
ALLAHA EMANET OL
_c
KAHRAMAN TAZEOĞLU
260
_b
DESTEK YAYINLARI
999
_c
778435
_d
778435